| 000 | 00353nam a22001337a 4500 | ||
|---|---|---|---|
| 082 |
_a536 _bBAR |
||
| 100 |
_aBarton, A.W. _940049 |
||
| 245 | _aA Text book on heat. | ||
| 260 |
_aGreat Britain _bJohn Bellows Ltd. _c1953 |
||
| 300 |
_axiii, 378 p. : _bill. : _c6 Cm |
||
| 526 |
_a0 _b0 _c0 _d536_000000000000000_BAR |
||
| 650 |
_aMCE _9379 |
||
| 942 |
_2ddc _cBK |
||
| 999 |
_c544423 _d544423 |
||